00402nam a2200121Ia 4500008004100000020001600041050002700057250007700084300003100161650004300192700003000235999001500265151015s9999 xx 000 0 und d a073561458x  aQA 76.3 .M33 454 2000  a_Microsoft windows 2000 professional with evaluation software Microsoft  aWashington MIcrosoft 2000  a_Electronic data processing personell  a^d20120830 05:00:05^oanne c3799d3799